Metodológia tvorby ASR projektovanie ASR
Gespeichert in:
| 1. Verfasser: | |
|---|---|
| Körperschaft: | |
| Weitere Verfasser: | , |
| Format: | Buch |
| Sprache: | Slowakisch |
| Veröffentlicht: |
Bratislava
Edičné stredisko VŠE
1986
|
| Tags: |
Keine Tags, Fügen Sie das erste Tag hinzu!
|
MARC
| LEADER | 00000nam a2200000 4500 | ||
|---|---|---|---|
| 001 | c104916 | ||
| 005 | 20240502071314.9 | ||
| 041 | 0 | |a slo | |
| 044 | |a SK | ||
| 245 | 1 | 0 | |a Metodológia tvorby ASR |b projektovanie ASR |c Štefan Čarnický, Jozef Porvazník |
| 264 | 1 | |a Bratislava |b Edičné stredisko VŠE |c 1986 | |
| 300 | |a 185 s. | ||
| 100 | 1 | |a Čarnický, Štefan | |
| 700 | 1 | |a Kiš, Jaroslav | |
| 700 | 1 | |a Porvazník, Jozef | |
| 710 | 2 | |a Vysoká škola ekonomická v Bratislave. Detašované pracovisko Fakulty riadenia v Košiciach | |